000 00573nam a2200205Ia 4500
005 20250508162740.0
008 008 250505s9999 xx 000 0 eng d
020 _a81-7036-203-2
037 _aTextual
040 _aFEDL
_beng
_cFEDL
041 _aeng
_2eng
084 _a331.4, BAN
_qFEDL
100 _aBanerjee Nirmala Ed.
245 0 _aIndian women in a changing industrial scenario
260 _aNew Delhi, India
_bSage Publications
_c1991
300 _a319p.
650 _aEconomics
942 _cTEXL
_h331.4, BAN
999 _c1378470
_d1378470